000
00322nam a22001337a 4500
020
_a
0815729413
082
_a
332.634 FRO
100
_a
Fromm Gary
245
_a
Tax incentives and capital spending
260
_a
london
_b
North-Holland
_c
1971
300
_a
xvii, 301p.
_b
ill, 22cm.
500
_a
Include index
942
_c
BK
999
_c
15330
_d
15330